• 首页
  • 本馆介绍
  • 公告通知
  • 最新文献
  • 馆藏检索
  • 电子资源
  • 读者导购
  • 参考咨询
  • 我的图书馆
  • 登录
  • 详细信息显示
  • 放入我的书架
  • 预约/预借图书
  • 作者相关作品
  • 分类相关作品
  • 丛书相关作品
  • 出版社相关作品

书目信息

  • 表格格式
  • 工作单格式
  • 卡片格式
题名:
图解《说文解字》
    
 
作者: 许慎 著 ;图解经典编辑部 编著
分册:  
出版信息: 北京   北京联合出版公司  2014
页数: 509页
开本: 23cm
丛书名:
单 册:
中图分类: H12-49
科图分类:
主题词: 汉字--han zi--通俗读物
电子资源:
ISBN: 978-7-5502-3188-7
000 01110nam0 22002771 450
001 0124140138
005 20170324140138.0
010    @a978-7-5502-3188-7@dCNY49.90
100    @a20141015d2014 em y0chiy50 ea
101 0  @achi
102    @aCN@b110000
105    @aa z 001yy
106    @ar
200 1  @a图解《说文解字》@9tu jie shuo wen jie zi@e画说汉字@e1000个汉字的故事@f(东汉)许慎原著@g《图解经典》编辑部编著
210    @a北京@c北京联合出版公司@d2014
215    @a509页@d23cm
300    @a紫图书库3507 经典图解畅销版07
330    @a本书以《说文解字》为依托,精选了1000个现代生活中较常用到的汉字,为每个字配上一幅精美插画、200字左右的精短解说,以及甲骨文、金文、小篆、隶书等字体演变,来揭示汉字诞生、演化的过程,同时展示了该字在现代社会的使用状况。
517 1  @a画说汉字@9hua shuo han zi
517 1  @a1000个汉字的故事@91000ge han zi de gu shi
606 0  @a汉字@9han zi@j通俗读物
690    @aH12-49@v5
701  0 @c(汉)@a许慎@9xu shen@f(58?~147?)@4著
712 02 @a图解经典编辑部@9tu jie jing dian bian ji bu@4编著
801  0 @aCN@bTANGWEI@c20170308
905    @b0961781-3@dH12-49@e176@f3
    
    图解《说文解字》:画说汉字:1000个汉字的故事/(东汉)许慎原著/《图解经典》编辑部编著.-北京:北京联合出版公司,2014
    509页;23cm
    紫图书库3507 经典图解畅销版07
    
    ISBN 978-7-5502-3188-7:CNY49.90
    本书以《说文解字》为依托,精选了1000个现代生活中较常用到的汉字,为每个字配上一幅精美插画、200字左右的精短解说,以及甲骨文、金文、小篆、隶书等字体演变,来揭示汉字诞生、演化的过程,同时展示了该字在现代社会的使用状况。
●
相关链接 在E读中查询图书 在五车中查询图书 在当当中查询图书 在豆瓣中查询图书


正题名:图解《说文解字》     索取号:H12-49/176         预约/预借

序号 登录号 条形码 馆藏地/架位号 状态 备注
1 0961781   209617814   第二样本阅览室/ [索取号:H12-49/176] 在馆    
2 0961782   209617823   第四借阅区/ [索取号:H12-49/176] 在馆    
3 0961783   209617832   第四借阅区/ [索取号:H12-49/176] 在馆    
唐山师范学院图书馆 欢迎您!
大连网信软件有限公司© 版权所有